|
|
|
|
| LEADER |
00000nam2a2200000 4500 |
| 001 |
247496 |
| 005 |
20231101232313.0 |
| 010 |
|
|
|a 520000165X
|
| 035 |
|
|
|a (RuTPU)RU\TPU\book\268989
|
| 035 |
|
|
|a RU\TPU\book\67348
|
| 090 |
|
|
|a 247496
|
| 100 |
|
|
|a 20131228d1990 m y0rusy50 ca
|
| 101 |
0 |
|
|a rus
|
| 102 |
|
|
|a RU
|
| 105 |
|
|
|a y e 000zy
|
| 200 |
0 |
|
|a Т. 3: П
|
| 210 |
|
|
|d 1990
|
| 215 |
|
|
|a 555 с.
|
| 330 |
|
|
|a Словарь содержит около 200 тыс. слов. Наряду с лексикой литературного языка первой половины 19 века здесь представлены областные слова, терминология разных профессий и ремесел, около 30 тыс. пословиц и поговорок. «Толковый словарь» В. Даля — это настоящая энциклопедия русского народного быта, склада ума и характера, нашедших свое отражение в языке. По оценке академика В. В. Виноградова, «как сокровищница меткого народного слова Словарь Даля всегда будет спутником не только литератора, филолога, но и всякого образованного человека, интересующегося русским языком».
|
| 461 |
|
1 |
|0 (RuTPU)RU\TPU\book\100688
|y 5-200-00748-8
|t Толковый словарь живого великорусского языка
|o в 4 т.
|f В. И. Даль
|v Т. 3: П
|d 1989
|
| 606 |
1 |
|
|a Русский язык
|x Толковые словари
|2 stltpush
|3 (RuTPU)RU\TPU\subj\26391
|9 50331
|
| 610 |
1 |
|
|a словари
|
| 610 |
1 |
|
|a лексика
|
| 610 |
1 |
|
|a толковые словари
|
| 686 |
|
|
|a Ш141.2-42
|v LBC/SL-A
|2 rubbk
|
| 801 |
|
1 |
|a RU
|b 63413507
|c 20040512
|g PSBO
|
| 801 |
|
2 |
|a RU
|b 63413507
|c 20161011
|g PSBO
|
| 942 |
|
|
|c BK
|